000 nam a22 7a 4500
999 _c47309
_d47309
003 OSt
005 20190508164153.0
008 190508b xxu||||| |||| 00| 0 eng d
040 _cIIMT COLLEGE OF ENGINEERING,GREATER NOIDA
100 _aSHAILENDRA,JAIN
245 _aMODELING & SIMULATION USING MATALAB SIMULINK
260 _aNEW DELHI
_bWILEY
_c2014
942 _2ddc
_c02